000 00537pam a2200205 a 4500
020 _c
040 _aDental College Lib
041 _aeng
_heng
082 _a611.018931
_bVIN
100 _aVincent, Provenza .
245 _aOral Histology Inheritance & Development /
_c.
_hTextual Documents
250 _a2 /
_b.
260 _aPhiladelphia :
_blea & Febiger ,
_c1985.
300 _a260 ;
_c.
365 _a1794.00
653 _aOral Histology
930 _a1377
999 _c40780
_d40780